000 00340nam a22001217a 4500
040 _cNUST
082 _a070.442,QAS
100 _aQasmi, Qasmi Atta Ul Haq
_9108894
245 _aColumn Tamam کالم تمام (Urdu) /
_cQasmi Atta Ul Haq Qasmi
260 _aLahore
_bSang -e-Meel
_c2014
300 _a984 p.;
942 _2ddc
_cBK
_k070.442,QAS
999 _c593217
_d593217